000 00474nam a2200205Ia 4500
001 12744
003 GE_BSU
008 181216s||||||||xx |||||||||||||| ||und||
020 _a9780141043821
040 _cGE_BSU
080 _a821.111-32
100 _aVine,Barbara. Rendell, Ruth
245 4 _aThe Chimney Sweeper's Boy
260 _aLondon
260 _bPenguin Books
260 _c2009
300 _a291p.18cm.
653 _aThe Chimney Sweeper's Boy
942 _cBK
999 _c45915
_d45915